zpět

Detail výsledku týmu

Pod Čepicí, České Budějovice

Datum a čas kvízu

32 Celkem bodů Celkový počet nahraných bodů na tomto kvízu bez doplňovacích otázek.
1. Pořadí na kvízu Konečné umístění týmu na tomto kvízu.

Zaznamenané odpovědi

# Otázka Odpověď Body Výsledky
1. Jak se jmenuje sídlo na Uhersk... D 0
2. Mezinárodní tým záchranářů v ú... v Turecku 0
3. V pátek měla na Netflixu premi... Bory 1
4. Ve které zemi vydal telekomuni... ve Francii 1
5. Který tým vstoupil do nového r... Kometa Brno 1
6. Jedním z nejlepších sportovců... Edmonton Oilers, 3x 1
7. Nejrychlejší muž planety a osm... Carl Lewis 1
8. Pokud se kohokoliv zeptáte na... 1C 2B 3D 4A 0
9. Do éry kralování Michaela Schu... A 1
10. V březnu 2023 tato americká ly... Mikaela Shiffrin 1